| 000 | 01408nam a2200337 a 4500 | ||
|---|---|---|---|
| 001 | ebr10696077 | ||
| 003 | CaPaEBR | ||
| 006 | m o u | ||
| 007 | cr cn||||||||| | ||
| 008 | 150303s2012 enk sb 001 0 eng d | ||
| 020 | _z9781904380887 | ||
| 020 | _z9781908162212 (e-book) | ||
| 040 |
_aCaPaEBR _cCaPaEBR |
||
| 035 | _a(OCoLC)843861804 | ||
| 043 |
_ae-uk-en _ae-uk--- |
||
| 050 | 1 | 4 |
_aHV6477.G7 _b.E54 2012eb |
| 082 | 0 | 4 |
_a303.623 _223 |
| 245 | 0 | 4 |
_aThe English riots of 2011 _h[electronic resource] : _ba summer of discontent / _cedited by Daniel Briggs. |
| 260 |
_aHampshire, England : _bWaterside Press, _cc2012. |
||
| 300 | _a1 online resource (viii, 427 p.) | ||
| 504 | _aIncludes bibliographical references and index. | ||
| 533 |
_aElectronic reproduction. _bPalo Alto, Calif. : _cebrary, _d2015. _nAvailable via World Wide Web. _nAccess may be limited to ebrary affiliated libraries. |
||
| 588 | _aDescription based on online resource; title from title page (ebrary, viewed May 27, 2013). | ||
| 650 | 0 |
_aRiots _zEngland. |
|
| 651 | 0 |
_aGreat Britain _xPolitics and government _y21st century. |
|
| 651 | 0 |
_aEngland _xSocial conditions _y21st century. |
|
| 655 | 7 |
_aElectronic books. _2local |
|
| 700 | 1 | _aBriggs, Daniel. | |
| 710 | 2 | _aebrary, Inc. | |
| 856 | 4 | 0 |
_uhttp://site.ebrary.com/lib/rucke/Doc?id=10696077 _zAn electronic book accessible through the World Wide Web; click to view |
| 999 |
_c8568 _d8568 |
||